000 00787nam a22002537a 4500
003 OSt
005 20140310184328.0
008 131003t xxu||||| |||| 00| 0 eng d
020 _a9780439579209
050 _aPZ 7
_b.G216 2003
100 _aGarcia, Rita Williams
_923749
245 _aDiamond Land /
_cRita Williams-Garcia.
260 _aNew York< NY :
_bScholastic Inc,
_c2003.
300 _a64 p. :
_bill. ;
_c19 cm.
521 _aG2
526 _c420
562 _e2
650 _aDiamond mines and mining -- -- . -- -- -- --
_x South Africa
_xJuvenile fiction
_923750
650 _aChild labor
_xSouth Africa
_xJuvenile fiction.
_923751
650 _aApartheid
_x South Africa
_xJuvenile fiction
_923752
942 _2lcc
_cBK-SCHOLAS
999 _c33640
_d33640